Non sparate sul cantautore (2 volumi) (Record no. 76463)
[ view plain ]
| 000 -LEADER | |
|---|---|
| fixed length control field | 01464nam a2200301Ia 4500 |
| 001 - CONTROL NUMBER | |
| control field | 22555 |
| 003 - CONTROL NUMBER IDENTIFIER | |
| control field | IT-RoPAU |
| 008 - FIXED-LENGTH DATA ELEMENTS--GENERAL INFORMATION | |
| fixed length control field | 130308s9999 xx 000 0 und d |
| 040 ## - CATALOGING SOURCE | |
| Original cataloging agency | IT-RoPAU |
| 040 ## - CATALOGING SOURCE | |
| Transcribing agency | IT-RoPAU |
| 041 ## - LANGUAGE CODE | |
| Language code of text/sound track or separate title | ITALIANO |
| 999 ## - SYSTEM CONTROL NUMBERS (KOHA) | |
| Koha Dewey Subclass [OBSOLETE] | SI |
| 100 ## - MAIN ENTRY--PERSONAL NAME | |
| Personal name | Bernieri Claudio |
| 100 ## - MAIN ENTRY--PERSONAL NAME | |
| Miscellaneous information | Codice Aut. SPICS: 12545 |
| 245 ## - TITLE STATEMENT | |
| Title | Non sparate sul cantautore (2 volumi) |
| 245 ## - TITLE STATEMENT | |
| Remainder of title | Non sparate Sul Cantautore (2 Volumi) |
| 250 ## - EDITION STATEMENT | |
| Edition statement | 1a ed. |
| 260 ## - PUBLICATION, DISTRIBUTION, ETC. (IMPRINT) | |
| Place of publication, distribution, etc. | MILANO |
| 260 ## - PUBLICATION, DISTRIBUTION, ETC. (IMPRINT) | |
| Name of publisher, distributor, etc. | Mazzotta |
| 260 ## - PUBLICATION, DISTRIBUTION, ETC. (IMPRINT) | |
| Date of publication, distribution, etc. | 1978 [1° Ed.:1978 - Ed.Ling.Originale:1978] |
| 300 ## - PHYSICAL DESCRIPTION | |
| Extent | "384 p. (prefazione: no ; testo: 384)" |
| 500 ## - GENERAL NOTE | |
| General note | Canzone Italiana cantautori Italiani Canzone Politica Ivan della Mea Luigi Tenco Sanremo 75 Claudio Lolli Mogol Orietta Berti Claudio villa Nicola Arigliano Vittorio Salvetti Teddy Reno Adriano Pappalardo Nanni Ricordi Ricky Gianco Giorgio Gaber Gino Paoli Fabrizio De Andre' Bruno Lauzi Enzo Jannacci Paolo Conte Interventi Musica e Testi di Alcune canzoni Canzone e Società Canzone e Industria cantautori delle Scuole di Bologna Roma e Milano Gianni Sassi David Zard Renato Zero gruppo Area Stormy Six Antonello Venditti Riccardo Cocciante Stefano rosso Rino Gaetano Francesco De Gregori Gianfranco Manfredi Ivan Cattaneo Alberto Camerini Eugenio Finardi Angelo Branduardi Francesco Guccini Lucio Dalla |
| 650 ## - SUBJECT ADDED ENTRY--TOPICAL TERM | |
| Topical term or geographic name as entry element | GENERI MUSICALI |
| 650 ## - SUBJECT ADDED ENTRY--TOPICAL TERM | |
| Relator term | Codice materia Spics: 7010 |
| 942 ## - ADDED ENTRY ELEMENTS (KOHA) | |
| Koha item type | LIBRO |
| 957 ## - | |
| -- | 1 |
| 999 ## - SYSTEM CONTROL NUMBERS (KOHA) | |
| -- | 1 |
| Withdrawn status | Lost status | Damaged status | Not for loan | Home library | Current library | Date acquired | Total Checkouts | Full call number | Date last seen | Price effective from | Koha item type | Public note |
|---|---|---|---|---|---|---|---|---|---|---|---|---|
| Buone Condizioni | Not For Loan | SPICS-MEDIATECA | SPICS-MEDIATECA | 08/03/2013 | 22555 | 08/03/2013 | 08/03/2013 | LIBRO | Progressivo inserimento: 49486 / N. Volumi: 2 Copie: 1 Copia Rara: SI / data import: 1 marzo 2013 - By Epidotti, Trombetti, Vaglietti. |